Tsirelson's space

Saved in:
Bibliographic Details
Main Author: Casazza, Peter G. 1945-
Other Authors: Shura, Thaddeus J. 1947-
Format: Book
Language:English
Published: Berlin : Springer-Verlag, c1989
Series:Lecture notes in mathematics (Springer-Verlag) ; 1363
Subjects:
Tags: Add Tag
No Tags, Be the first to tag this record!

MARC

LEADER 00000nam a2200000 i 4500
001 1/28529
008 941103s1989 eng d
020 |a 3-540-50678-0 
035 |a 1993  |l 10038097 
040 |a GR-MY-UA  |b gre  |e aacr 
041 0 |a eng 
082 0 |a 515.732 
100 1 |a Casazza, Peter G.  |d 1945- 
245 1 0 |a Tsirelson's space /  |c Peter G. Casazza, Thaddeus J. Shura ; with an appendix by J. Baker, O. Slotterberg and R. Aron 
260 |a Berlin :   |b Springer-Verlag,   |c c1989 
300 |a viii, 204 p.;  |c 25 cm. 
490 1 |a Lecture notes in mathematics (Springer-Verlag)  |v ; 1363 
500 |a Includes bibliographical references and index 
650 0 0 |a Banach spaces. 
700 1 |a Shura, Thaddeus J.  |d 1947- 
830 0 |a Lecture notes in mathematics (Springer-Verlag)  |v ; 1363 
852 |a INST  |b SAMOS  |e 19941103  |h 515.732 CAS  |p 005300006870  |q 005300006870  |t BK  |y 0 
909 |a Σ  |b 029253